| 000 | 01195nam0a2200325 4500 | ||
|---|---|---|---|
| 001 | RU\NLR\bibl\91168 | ||
| 005 | 20250617075610.0 | ||
| 021 |
_aRU _b2000-13613 _9662 |
||
| 035 | _a(NLR Aleph) 000089100 | ||
| 090 |
_a499261 _c499261 |
||
| 100 | _a20000608d2000 |||y0rusy50 ca | ||
| 101 | 0 | _arus | |
| 102 | _aRU | ||
| 105 | _ay ||||||||| | ||
| 200 | 1 |
_aТыква в огороде и на вашем столе _fС.П. Погиба _gМ-во образования Рос. Федерации, Моск. гос. ун-т леса |
|
| 210 |
_aМ. _cИзд-во МГУЛ _d2000 |
||
| 215 |
_a64 с. _d21 |
||
| 300 | _aНа обороте тит. л. авт.: Светлана Петровна Погиба, доц. | ||
| 320 | _aБиблиогр.: с. 62-63 | ||
| 606 | 0 |
_aБлюда из тыквы _xРецептура _92167859 _3RU\NLR\auth\661304241 |
|
| 606 | 0 |
_aТыква _91440480 _3RU\NLR\auth\66299010 |
|
| 686 | _aЛ992.11 | ||
| 686 | _aП241.75 | ||
| 700 | 1 |
_aПогиба _bС. П. _gСветлана Петровна _4070 |
|
| 801 | 0 |
_aRU _bNLR _c20000608 _gPSBO |
|
| 801 | 1 |
_aRU _bNLR _c20000608 |
|
| 852 |
_aNLR _j2000-4/2029 |
||
| 942 | _cBOOK | ||
| 980 | _aNB | ||